00863nam a22002297a 4500003000400000005001700004008004100021010001300062020002300075035002300098037001600121040001500137082001300152100002000165245019900185260003800384270006400422300002500486500005000511650004600561650002600607dpl20180814122745.0180814b xxu||||| |||| 00| 0 eng d aB-218466 c295.00a8187471093 aB-218466, B-218470 bCen Lib/Ret aDPLbENc0 a215bPRI aPriyadarshi, P. aIndia's contributions to the west :cby P. Priyadarshib the story of origin of mathematics, science and philosophy in India and its dispersal to the west leading to development of modern age / aIndiabStandard Publishers c2004 bNew DelhiaG-126/2, Rajapuri Main Road, Uttam Nagare110059 axxii,165p.c22cm(Hb) aIncludes bibliographical references and index aCivilization, Western -- Indic influences aIndia -- Civilization